[Event "GER-ch U10"]
[Site "Magdeburg"]
[Date "2014.06.09"]
[Round "4"]
[White "Unbehend, Marius"]
[Black "Bossert, Moritz"]
[Result "0-1"]
[WhiteElo "796"]
[BlackElo "953"]
[PlyCount "106"]
[EventDate "2014.06.08"]
[EventType "swiss"]
[EventRounds "11"]
[EventCountry "GER"]
[SourceTitle "CBM 160 Extra"]
[Source "ChessBase"]
[SourceDate "2014.07.01"]
[SourceVersion "1"]
[SourceVersionDate "2014.07.01"]
[SourceQuality "1"]

1. e4 e6 2. d4 d5 3. exd5 exd5 4. c4 c5 5. Nf3 Nc6 6. Nc3 Bf5 7. Be2 dxc4 8. Bxc4 cxd4 9. Ne2 Bb4+ 10. Bd2 Bc5 11. Ng5 Ne5 12. Bf4 Nxc4 13. 0-0 Nf6 14. Rc1 Qd5 15. b3 Nb2 16. Qd2 Nd3 17. Rc4 0-0 18. Ng3 Nxf4 19. Qxf4 d3 20. Qxf5 Qxf5 21. Nxf5 Rac8 22. Ne3 Bxe3 23. fxe3 Rxc4 24. bxc4 Rd8 25. Rd1 Ng4 26. Nf3 Nxe3 27. Rd2 Nxc4 28. Rd1 d2 29. Nxd2 Nxd2 30. Rc1 Ne4 31. Re1 Nd2 32. Rd1 Nf3+ 33. gxf3 Rxd1+ 34. Kf2 Rd2+ 35. Kg3 Rxa2 36. Kf4 Rxh2 37. Kg4 Rf2 38. Kf4 a5 39. Ke3 Rxf3+ 40. Kxf3 a4 41. Ke3 a3 42. Kd4 a2 43. Kc5 a1Q 44. Kb6 Qb1+ 45. Kc7 Qc2+ 46. Kxb7 Qc5 47. Ka6 Qb4 48. Ka7 Qb5 49. Ka8 Kf8 50. Ka7 Ke7 51. Ka8 Kd7 52. Ka7 Kc6 53. Ka8 Qb7# 0-1

[Event "GER-ch U25 op-B"]
[Site "Oberhof"]
[Date "2012.05.27"]
[Round "1"]
[White "Silber, Kevin"]
[Black "Bossert, Moritz"]
[Result "1-0"]
[WhiteElo "1196"]
[BlackElo "787"]
[PlyCount "53"]
[EventDate "2012.05.27"]
[EventType "swiss"]
[EventRounds "9"]
[EventCountry "GER"]
[SourceTitle "CBM 148 Extra"]
[Source "ChessBase"]
[SourceDate "2012.06.22"]
[SourceVersion "1"]
[SourceVersionDate "2012.06.22"]
[SourceQuality "1"]

1. e4 e6 2. d4 d5 3. e5 c5 4. c3 Nc6 5. Nf3 Qb6 6. Bd3 c4 7. Bc2 g6 8. b3 cxb3 9. axb3 Nh6 10. Bd2 Nf5 11. Bg5 h6 12. Bf6 Ng7 13. Nh4 g5 14. Nf3 Bd7 15. Na3 Rg8 16. Qc1 Be7 17. Bh7 Bxf6 18. Bxg8 Be7 19. Qb2 Nf5 20. Bh7 Bxa3 21. Qxa3 0-0-0 22. g4 Rh8 23. gxf5 Rxh7 24. Qf8+ Nd8 25. Qg8 Qxb3 26. 0-0 Qxc3 27. Rac1 1-0